The Schuyler Sisters - All Lyrics - Statistics

General Stats
  • This quiz has been taken 162 times
    160 since last reset
  • The average score is 335 of 405
Answer Stats
Answer % Correct
I
98%
The
98%
Not
97%
A
96%
A'
96%
Go
96%
In
96%
An
95%
And
94%
Men
94%
Nothing
94%
Be
93%
Like
93%
There's
93%
To
93%
You
93%
Your
93%
At
92%
He
92%
I'm
92%
It
92%
Look
92%
Sisters
92%
Angelica
91%
Around
91%
Downtown
91%
Me
91%
More
91%
Peggy
91%
We
91%
Work
91%
City
90%
Daddy
90%
Eliza
90%
New
90%
Rich
90%
Said
90%
Schuyler
90%
So
90%
But
89%
Free
89%
Is
89%
Man
89%
That
89%
What
89%
With
89%
York
89%
By
88%
For
88%
Happen
88%
Know
88%
Does
87%
Poor
87%
Revolution
87%
You're
87%
Happening
86%
His
86%
Love
86%
Are
85%
Folks
85%
Than
85%
All
84%
Just
84%
Looking
84%
Oh
84%
Daughters
83%
Home
83%
Mind
83%
Slummin'
82%
Watch
82%
Doesn't
81%
Going
81%
Guys
81%
Need
81%
Revolution's
81%
Want
81%
We're
81%
When
81%
Loaded
80%
Thomas
80%
Can
79%
I've
79%
My
79%
On
79%
Burr
78%
Disgust
78%
Little
78%
Phillip
78%
Some
78%
Sundown
78%
They
78%
Been
77%
Reading
77%
Women
77%
Got
76%
Money
76%
People
76%
Remind
76%
Take
76%
It's
75%
Summer
75%
Trust
75%
Baby
74%
Equal
74%
Pretty
74%
Created
73%
Fund
73%
Him
73%
Meet
73%
World
73%
Daddy's
72%
Greatest
72%
Right
72%
These
72%
War
72%
Alive
71%
Hold
71%
How
71%
Air
70%
Ideas
70%
Listen
70%
Lucky
70%
Now
70%
Or
70%
Our
70%
Bad
69%
Common
69%
Declaration
69%
Include
69%
Insane
69%
Jefferson
69%
Perfume
69%
Revelation
69%
Say
69%
Sequel
69%
She's
69%
Smells
69%
Their
69%
Excuse
68%
Sense
68%
Someone
68%
Square
68%
Truths
68%
Enough
67%
Fancy
66%
Intense
66%
Miss
66%
Violence
66%
Into
65%
Funny
64%
Shore
64%
Talk
64%
Up
64%
Wants
64%
History
63%
Manhattan
63%
Sneak
63%
Them
63%
Ah
62%
Paine
62%
Self-Evident
62%
Shouting
62%
Discussed
61%
Pull
59%
You've
59%
Uh
58%
Compel
57%
Searching
56%
There'll
56%
Rush
55%
Ideals
54%
Gawk
53%
Woah
53%
Urchin
50%
Next
45%
Students
44%
Will
32%
Hey
30%
Woo
25%
May
21%
Characters
6%
Hee;s
2%
Feed
1%
No matching quizzes found
Score Distribution
Percent of People with Each Score
Percentile by Number Answered
Your Score History
You have not taken this quiz since the last reset